Loreto College Library, Kolkata
WEBOPAC (ONLINE PUBLIC ACCESS CATALOGUE)

The girl in the spider`S web (Record no. 40156)

MARC details
000 -LEADER
fixed length control field 00536nam a22002057a 4500
005 - DATE AND TIME OF LATEST TRANSACTION
control field 20151109143230.0
008 - FIXED-LENGTH DATA ELEMENTS--GENERAL INFORMATION
fixed length control field 151107b xxu||||| |||| 00| 0 eng d
020 ## - ISBN | অাই এস বি এন
ISBN | অাই এস বি এন 9780857053503
PRICE 599
040 ## - CATALOGING SOURCE
Original cataloging agency Loreto College
041 ## - LANGUAGE CODE
Language code English
082 ## - DDC | ডিউই
Classification number | বর্গসংখ্যা F
Book Number | গ্রন্থাঙ্ক LAG
100 ## - MAIN ENTRY--PERSONAL NAME | মুখ্য সংলেখ - ব্যাক্তিনাম
Personal name | ব্যাক্তিনাম Lagercrantz, David
245 ## - TITLE STATEMENT | অাখ্যা বিবরণী
Title | অাখ্যা The girl in the spider`S web
Statement of responsibility | লেখকের দায়িত্বের বিবরণ David Lagercrantz
260 ## - IMPRINT | প্রকাশনা ক্ষেত্র
Place of publication | প্রকাশ স্থান London
Name of publisher | প্রকাশকের নাম Maclehose Press
Date of publication | প্রকাশ কাল 2015
300 ## - PHYSICAL DESCRIPTION |
Page / Vol. No | পৃষ্ঠা / খন্ড সংখ্যা 431p
Other physical details | অনান্য বাহ্যিক বিবরণ 24cm
650 ## - SUBJECT ADDED ENTRY--TOPICAL TERM | বিষয় শিরোনাম - মূল বিষয়
Topical term | মূল বিষয় Fiction in English
700 ## - ADDED ENTRY--PERSONAL NAME | অতিরিক্ত সংলেখ - ব্
Relator code | দায়িত্ব নির্দেশক tr.
Personal name | ব্যাক্তিনাম Goulding, George
850 ## - HOLDING INSTITUTION
Holding institution LCLIB
942 ## - ADDED ENTRY ELEMENTS (KOHA)
Koha item type Books
Holdings
Withdrawn status Lost status Source of classification Damaged status Not for loan Home library Current library Date acquired Price Total Checkouts Full call number Accession No. Date last seen Date checked out Price effective from Koha item type
    Dewey Decimal Classification     Loreto College Loreto College 07/11/2015 599.00 7 F LAG 51428 43733 09/12/2024 22/07/2024 07/11/2015 Books